| 000 | 00514nam a2200205Ia 4500 | ||
|---|---|---|---|
| 008 | 180523s9999 xx 000 0 und d | ||
| 020 | _a81-7524-148-9 | ||
| 050 | _aMAIN RD 97 | ||
| 050 | _b.S54 2003 | ||
| 100 | _aShekar, K. Chandra. | ||
| 245 | 0 | _aSports physiotherapy / | |
| 245 | 0 | _cK. Chandra Shekar. | |
| 260 | _aNew Delhi : | ||
| 260 | _bKhel Sahitya Kendra, | ||
| 260 | _c2003 | ||
| 300 | _a304 pages : | ||
| 300 | _c22 cm. | ||
| 650 | _aSports physical therapy. | ||
| 650 | _xSports injuries. | ||
| 999 |
_c357648 _d357648 |
||